Central Library OPAC University of Rajshahi

Dryden's poems / (Record no. 62962)

MARC details
000 -LEADER
fixed length control field 00887cam a22002772a 4500
001 - CONTROL NUMBER
control field 62962
003 - CONTROL NUMBER IDENTIFIER
rucl marc code BD-RjUL
005 - DATE AND TIME OF LATEST TRANSACTION
control field 20211209081139.0
008 - FIXED-LENGTH DATA ELEMENTS--GENERAL INFORMATION
fixed length control field 170126s1954 enk b 000 0 eng d
035 ## - SYSTEM CONTROL NUMBER
System control number (BD-RjUL)63090
040 ## - CATALOGING SOURCE
Original cataloging agency TRN
Transcribing agency TRN
Modifying agency BD-RjUL
Language of cataloging eng
041 ## - LANGUAGE CODE
Language code of text/sound track or separate title eng
082 ## - DEWEY DECIMAL CLASSIFICATION NUMBER
Classification number 821.4
Author mark and year DRD 1954
090 ## - LOCALLY ASSIGNED LC-TYPE CALL NUMBER (OCLC); LOCAL CALL NUMBER (OCLC)
Classification number (OCLC) (R) ; Classification number, CALL (RLIN) (NR) PR3413
Local cutter number (OCLC) ; Book number/undivided call number, CALL (RLIN) .A1 1954
100 1# - MAIN ENTRY--PERSONAL NAME
Personal name Dryden, John,
Dates associated with a name 1631-1700.
9 (RLIN) 187246
245 00 - TITLE STATEMENT
Title Dryden's poems /
Statement of responsibility, etc. edited and introduced by Bonamy Dobrée ...
260 ## - PUBLICATION, DISTRIBUTION, ETC. (IMPRINT)
Place of publication, distribution, etc. London :
Name of publisher, distributor, etc. J.M. Dent & Sons, ltd ;
Place of publication, distribution, etc. New York :
Name of publisher, distributor, etc. E.P. Dutton & Co., Inc,
Date of publication, distribution, etc. 1954
300 ## - PHYSICAL DESCRIPTION
Pagination xxi, 288 p. ;
Size 19 cm
490 1# - SERIES STATEMENT
Series statement Everyman's library ;
Volume/sequential designation 910
500 ## - GENERAL NOTE
General note Selected poems
504 ## - BIBLIOGRAPHY, ETC. NOTE
Bibliography, etc Bibliography: p. xix-xxi
600 ## - SUBJECT ADDED ENTRY--PERSONAL NAME
Personal name Dryden, John
Dates associated with a name 1631-1700
Fuller form of name Poems.
700 1# - ADDED ENTRY--PERSONAL NAME
Personal name Dobrée, Bonamy,
Dates associated with a name 1891-1974 .
830 #0 - SERIES ADDED ENTRY--UNIFORM TITLE
Uniform title Everyman's library ;
Volume number/sequential designation 910.
942 ## - ADDED ENTRY ELEMENTS (KOHA)
Source of classification or shelving scheme Dewey Decimal Classification
Koha item type Books
Holdings
Lost status Source of classification or shelving scheme Damaged status Not for loan Collection code Permanent Location Current Location Shelving location Date acquired Source of acquisition Cost, normal purchase price Total Checkouts Full call number Date last seen Copy number Koha item type
  Dewey Decimal Classification   Not For Loan Non-fiction Central Library, University of Rajshahi Central Library, University of Rajshahi Reading Room 20/09/1955 B. H. Blackwell 6.00   821.4 DRD 1954 26/01/2017 C-1 Books